| 000 | 00918nam0a22002771 4500 | ||
|---|---|---|---|
| 001 | rc\4855502 | ||
| 005 | 20250613020739.0 | ||
| 021 |
_aRU _b[59-30241] |
||
| 035 | _a(NLR Aleph) 008901322 | ||
| 090 |
_a8704752 _c8704752 |
||
| 100 | _a20130426d1959 |||y0rusy50 ca | ||
| 101 | 0 | _arus | |
| 102 | _aRU | ||
| 105 | _ay z ||||| | ||
| 200 | 1 |
_aКонституционные основы суверенитета Киргизской ССР _fАкад. наук Кирг. ССР. Ин-т истории |
|
| 210 |
_aФрунзе _cБ. и. _d1959 |
||
| 215 |
_a73 с. _d22 |
||
| 606 |
_aСуверенитет _2psbo |
||
| 607 |
_aКиргизская ССР _2psbo |
||
| 607 |
_aСоюзные республики _xСуверенитет _2psbo |
||
| 700 | 1 |
_aТургунбеков _bР. _gРафик |
|
| 801 | 0 |
_aRU _bNLR _gpsbo |
|
| 801 | 1 |
_aRU _bELAR _2rusmarc |
|
| 852 |
_aNLR _j59-6/4881 |
||
| 942 | _cBOOK | ||
| 980 | _aNB | ||